[Event "XIII OGOLNOPOLSKA OLIMPIADA MLODZIEZY -"]
[Site "Turawa"]
[Date "2007.04.30"]
[Round "6.2"]
[White "Matuszewski, Michal"]
[Black "Lis, Marek"]
[Result "1-0"]
[WhiteElo "2136"]
[BlackElo "1968"]
[PlyCount "163"]
[EventDate "2007.??.??"]

1. d4 d6 2. Nf3 g6 3. c4 Nf6 4. Nc3 Bg7 5. e4 O-O 6. Be2 e5 7. Be3 Nc6 8. d5
Ne7 9. Nd2 Ne8 10. f3 f5 11. h4 f4 12. Bf2 Nf6 13. Qc2 h6 14. Nf1 g5 15. h5 g4
16. fxg4 Nxg4 17. Bg1 a6 18. Bf3 Kh7 19. Qe2 Nf6 20. Bf2 Rb8 21. O-O-O b5 22.
c5 dxc5 23. Bxc5 b4 24. Nb1 Rb5 25. Bf2 Ne8 26. Nbd2 Nd6 27. Kb1 Bd7 28. Nb3 a5
29. Nc5 Qc8 30. Nh2 Nb7 31. Nxd7 Qxd7 32. Bg4 Qe8 33. Rc1 Nd6 34. Rxc7 Rb7 35.
Rhc1 Rxc7 36. Rxc7 Ng8 37. Qa6 Rf6 38. Qa7 Rf7 39. Bf5+ Kh8 40. Rxf7 Qxf7 41.
Qxf7 Nxf7 42. Bc5 Nf6 43. Nf3 Ne8 44. Nh4 Bf6 45. Ng6+ Kg7 46. Bf8+ Kg8 47. Bc5
Nfd6 48. Be6+ Kg7 49. Bd7 Kf7 50. Bxe8+ Nxe8 51. d6 Ng7 52. d7 Nxh5 53. Nxe5+
Ke6 54. Bd4 Bd8 55. Nc6 Kxd7 56. Nxd8 Kxd8 57. Bb6+ Kd7 58. Bxa5 Ng3 59. Bxb4
Ke6 60. Kc2 Nxe4 61. Kd3 Ng5 62. Ke2 h5 63. a4 Kd5 64. Be7 Ne6 65. b4 Nd4+ 66.
Kf2 Nc6 67. Bf8 Ne5 68. b5 Kc4 69. Bd6 Nd7 70. Bxf4 Kb4 71. Bc7 Kxa4 72. b6 Nc5
73. Kg3 Kb5 74. Kh4 Kc6 75. Kxh5 Ne4 76. g4 Nf6+ 77. Kg5 Nd5 78. Kh6 Ne7 79. g5
Ng8+ 80. Kh7 Ne7 81. g6 Nd5 82. g7 1-0

[Event "XIII OGOLNOPOLSKA OLIMPIADA MLODZIEZY -"]
[Site "Turawa"]
[Date "2007.04.30"]
[Round "6.3"]
[White "Krzyzanowski, Marcin"]
[Black "Kowalczyk, Rafal"]
[Result "1-0"]
[WhiteElo "2229"]
[BlackElo "1948"]
[PlyCount "55"]
[EventDate "2007.??.??"]

1. e4 d6 2. d4 Nf6 3. Nc3 e5 4. Nf3 Nbd7 5. Bc4 Be7 6. O-O O-O 7. a4 c6 8. Ba2
b6 9. Re1 Bb7 10. dxe5 dxe5 11. Nh4 g6 12. Bh6 Re8 13. Qf3 Bf8 14. Bg5 Bg7 15.
Rad1 Qe7 16. Rxd7 Qxd7 17. Bxf6 Bxf6 18. Qxf6 Qe7 19. Qxe7 Rxe7 20. Rd1 Kf8 21.
Nf3 h6 22. h4 a5 23. h5 Rb8 24. hxg6 fxg6 25. Rd6 Kg7 26. Nh4 Rbe8 27. Rxg6+
Kh7 28. Rd6 1-0

[Event "XIII OGOLNOPOLSKA OLIMPIADA MLODZIEZY -"]
[Site "Turawa"]
[Date "2007.04.30"]
[Round "6.4"]
[White "Sadzikowski, Daniel"]
[Black "Kanarek, Marcel"]
[Result "0-1"]
[WhiteElo "2118"]
[BlackElo "2225"]
[PlyCount "58"]
[EventDate "2007.??.??"]

1. e4 c5 2. c3 Nf6 3. e5 Nd5 4. d4 cxd4 5. Qxd4 e6 6. Nf3 Nc6 7. Qe4 f5 8. Qe2
Qc7 9. g3 d6 10. exd6 Bxd6 11. Bg2 O-O 12. O-O Kh8 13. Nbd2 Nb6 14. a4 a5 15.
Ng5 e5 16. Nc4 Nxc4 17. Qxc4 h6 18. Ne6 Bxe6 19. Qxe6 Rae8 20. Qg6 Ne7 21. Qh5
e4 22. Rd1 Bc5 23. Bf4 Qb6 24. Rd2 Ng6 25. Bxh6 gxh6 26. Qxh6+ Kg8 27. Rd7 Re7
28. Rad1 Bxf2+ 29. Kf1 Bg1 0-1

[Event "XIII OGOLNOPOLSKA OLIMPIADA MLODZIEZY -"]
[Site "Turawa"]
[Date "2007.04.30"]
[Round "6.5"]
[White "Wieczorek, Oskar"]
[Black "Witek, Pawel"]
[Result "1-0"]
[WhiteElo "2125"]
[BlackElo "1985"]
[PlyCount "95"]
[EventDate "2007.??.??"]

1. e4 c6 2. d4 d5 3. Nc3 dxe4 4. Nxe4 Bf5 5. Ng3 Bg6 6. h4 h6 7. Nf3 Nd7 8. h5
Bh7 9. Bd3 Bxd3 10. Qxd3 e6 11. Bd2 Qc7 12. O-O-O Ngf6 13. Ne4 O-O-O 14. g3
Nxe4 15. Qxe4 Bd6 16. Kb1 Rhe8 17. c4 c5 18. Qe2 cxd4 19. Nxd4 Bc5 20. Bc3 Bxd4
21. Rxd4 Nf6 22. b3 Rxd4 23. Bxd4 Rd8 24. Be5 Qa5 25. Bf4 Qf5+ 26. Kb2 e5 27.
Bxe5 Re8 28. f4 Ng4 29. Qc2 Qxc2+ 30. Kxc2 Nxe5 31. Re1 f6 32. fxe5 fxe5 33.
Kd3 Kd7 34. Ke4 Ke6 35. Rd1 Rf8 36. Rd5 Rf2 37. Rxe5+ Kf6 38. Rb5 b6 39. a4
Re2+ 40. Kf3 Rb2 41. Ke4 g5 42. hxg6 Kxg6 43. Kd5 Rf2 44. Kc6 Rf7 45. b4 Rf6+
46. Kb7 a5 47. bxa5 bxa5 48. Rb6 1-0

[Event "XIII OGOLNOPOLSKA OLIMPIADA MLODZIEZY -"]
[Site "Turawa"]
[Date "2007.04.30"]
[Round "6.6"]
[White "Wandzik, Wojciech"]
[Black "Witek, Tomasz"]
[Result "1-0"]
[WhiteElo "1945"]
[BlackElo "2109"]
[PlyCount "97"]
[EventDate "2007.??.??"]

1. e4 b6 2. d4 Bb7 3. Bd3 Nf6 4. Qe2 e6 5. Nf3 c5 6. c3 Be7 7. O-O d5 8. e5
Nfd7 9. Bf4 Qc8 10. Nbd2 Ba6 11. Rfe1 Bxd3 12. Qxd3 c4 13. Qe3 h6 14. h4 Nc6
15. b3 b5 16. h5 Nb6 17. Nh2 Kd7 18. Ng4 Qa6 19. bxc4 bxc4 20. Bg3 Na4 21. f4
Qa5 22. Nb1 Raf8 23. f5 Bg5 24. Qf3 Rhg8 25. Kh2 a6 26. a3 Qb6 27. Ra2 Qb3 28.
Rae2 Na7 29. Nf6+ gxf6 30. exf6 Qb6 31. fxe6+ fxe6 32. Rxe6 Qxe6 33. Rxe6 Kxe6
34. Qg4+ Kxf6 35. Qd7 Be3 36. Qd6+ Kg5 37. Qxd5+ Kg4 38. Qe4+ Kxh5 39. Qxe3 Nb5
40. Nd2 Naxc3 41. Nxc4 Rg4 42. Qe7 Rfg8 43. Qf7+ R8g6 44. Ne5 Rxg3 45. Nxg6
Rxg6 46. g4+ Kxg4 47. Qxg6+ Kf3 48. Qd3+ Kf4 49. a4 1-0

[Event "XIII OGOLNOPOLSKA OLIMPIADA MLODZIEZY -"]
[Site "Turawa"]
[Date "2007.04.30"]
[Round "6.7"]
[White "Solnicki, Michal"]
[Black "Siwiec, Arkadiusz"]
[Result "0-1"]
[WhiteElo "1951"]
[BlackElo "2025"]
[PlyCount "122"]
[EventDate "2007.??.??"]

1. d4 Nf6 2. c4 c5 3. d5 b5 4. cxb5 a6 5. b6 d6 6. Nc3 g6 7. e4 Bg7 8. Nf3 Nbd7
9. a4 a5 10. Nd2 O-O 11. Bb5 Nxb6 12. O-O Bd7 13. Qe2 Bxb5 14. Nxb5 Ne8 15. Nc4
Nxc4 16. Qxc4 Nc7 17. Nxc7 Qxc7 18. Rb1 Rfb8 19. b3 Rb4 20. Qc2 Rb7 21. Bd2 Qb6
22. Qc4 Qc7 23. Rfe1 Qd7 24. h3 Bd4 25. Re2 e5 26. Kh2 f5 27. f3 f4 28. Be1 g5
29. Rd1 h5 30. Rd3 Qe8 31. h4 Qd8 32. hxg5 Qxg5 33. Kh3 h4 34. Qc2 Kf7 35. Kh2
Rg8 36. Rxd4 cxd4 37. Qc6 Qe7 38. Bxa5 Rxb3 39. Bc7 Rc3 40. Bxd6 Rxc6 41. Bxe7
Ra6 42. d6 Rxa4 43. Bxh4 Rh8 44. g3 Ke6 45. Kg2 Kxd6 46. Bf6 Rf8 47. Bh4 Rh8
48. Bf6 Rh6 49. Bg5 Rh5 50. Bf6 Rh6 51. Bg5 Rg6 52. Bh4 Ra8 53. g4 Rh8 54. Ra2
Kc5 55. Bf2 Kc4 56. Ra5 Rd6 57. Rxe5 d3 58. Rc5+ Kb4 59. Rf5 d2 60. Bc5+ Ka4
61. Bxd6 d1=Q 0-1

[Event "XIII OGOLNOPOLSKA OLIMPIADA MLODZIEZY -"]
[Site "Turawa"]
[Date "2007.04.30"]
[Round "6.8"]
[White "Borowicz, Przemyslaw"]
[Black "Obrusnik, Michal"]
[Result "0-1"]
[WhiteElo "1926"]
[BlackElo "1977"]
[PlyCount "116"]
[EventDate "2007.??.??"]

1. d4 d5 2. c4 Nc6 3. Nf3 Bg4 4. e3 e5 5. cxd5 Qxd5 6. dxe5 Qxd1+ 7. Kxd1 Nxe5
8. Be2 O-O-O+ 9. Kc2 Bf5+ 10. Kb3 Nd3 11. Bxd3 Bxd3 12. Ne5 Bf5 13. Nc3 Bd6 14.
Nf3 Nf6 15. Nd4 Bg6 16. Rd1 c5 17. Nf3 Ng4 18. Rd2 Bb8 19. Nd5 Rhe8 20. Nh4
Nxf2 21. Nxg6 fxg6 22. Rxf2 Rxd5 23. Rf7 Bxh2 24. Rxg7 Rd7 25. Rxd7 Kxd7 26.
Bd2 Be5 27. Rf1 Ke6 28. Kc4 Rd8 29. Bc3 Bxc3 30. Kxc3 b5 31. b3 h5 32. a4 a6
33. axb5 axb5 34. Ra1 Kf5 35. Ra6 Re8 36. Kd2 Re6 37. Ra8 Ke4 38. Rb8 b4 39.
Rc8 Re5 40. Ke2 h4 41. Ra8 g5 42. Ra7 Re6 43. Rh7 Kf5 44. Rc7 Re5 45. Kf3 g4+
46. Ke2 h3 47. gxh3 gxh3 48. Kf3 Kg6 49. Rc6+ Kg5 50. Rc8 Kh4 51. Rh8+ Rh5 52.
Rg8 Rh7 53. Rg4+ Kh5 54. Rg8 Rh6 55. Kf4 Rf6+ 56. Ke5 Rf2 57. Kd5 h2 58. Kxc5
Rf6 0-1

[Event "XIII OGOLNOPOLSKA OLIMPIADA MLODZIEZY -"]
[Site "Turawa"]
[Date "2007.04.30"]
[Round "6.9"]
[White "Adamek, Przemyslaw"]
[Black "Mondrzycki, Bartlomiej"]
[Result "1/2-1/2"]
[WhiteElo "1957"]
[BlackElo "1949"]
[PlyCount "112"]
[EventDate "2007.??.??"]

1. e4 c5 2. Nf3 Nc6 3. Bb5 g6 4. Bxc6 bxc6 5. O-O Bg7 6. c3 d6 7. h3 e5 8. d4
cxd4 9. cxd4 Qc7 10. Be3 Rb8 11. Qd2 exd4 12. Bxd4 f6 13. Nc3 Ne7 14. Rad1 O-O
15. Be3 Ba6 16. Rfe1 f5 17. Bf4 Nc8 18. Nd4 Re8 19. exf5 Rxe1+ 20. Rxe1 Qb6 21.
Nb3 Bc4 22. fxg6 hxg6 23. Bxd6 Nxd6 24. Qxd6 Rf8 25. Nd1 Bxb3 26. axb3 Qxb3 27.
Qxg6 Rd8 28. Re8+ Rxe8 29. Qxe8+ Kh7 30. Qe4+ Kh8 31. Ne3 Qxb2 32. Qxc6 Qa1+
33. Kh2 a5 34. Nc4 a4 35. g3 Qf1 36. Qe8+ Kh7 37. Qf7 Qa1 38. Qf5+ Kh8 39. Qc5
Bd4 40. Qf8+ Kh7 41. h4 Qa2 42. Qf7+ Bg7 43. h5 Qe2 44. Kg2 Qe4+ 45. Kh2 Qe2
46. Kh3 Qf1+ 47. Kg4 Qd1+ 48. Kh4 Qd4+ 49. Kh3 Qd1 50. Qg6+ Kh8 51. Qf7 Kh7 52.
Kg2 Qe2 53. Qg6+ Kh8 54. Qf7 Qe4+ 55. Kg1 Qb1+ 56. Kg2 Qe4+ 1/2-1/2

[Event "XIII OGOLNOPOLSKA OLIMPIADA MLODZIEZY -"]
[Site "Turawa"]
[Date "2007.04.30"]
[Round "6.10"]
[White "Weichhold, Pawel"]
[Black "Klepaczka, Tomasz"]
[Result "0-1"]
[WhiteElo "1897"]
[BlackElo "1953"]
[PlyCount "94"]
[EventDate "2007.??.??"]

1. e4 c5 2. Nf3 e6 3. d4 cxd4 4. Nxd4 a6 5. Bd3 Bc5 6. Nb3 Be7 7. O-O d6 8. f4
Nd7 9. Qf3 Ngf6 10. Nc3 Qc7 11. Bd2 b6 12. Kh1 Bb7 13. Rae1 h5 14. Be2 b5 15.
a3 Nc5 16. Bd3 Rd8 17. f5 e5 18. Qe2 Bc6 19. Nd1 Nxb3 20. cxb3 Qb7 21. Nc3 d5
22. exd5 Bxd5 23. Nxd5 Qxd5 24. Qxe5 Qxe5 25. Rxe5 Rxd3 26. Bb4 Rd7 27. Rc1 Ng8
28. g4 f6 29. Re6 Kf7 30. g5 fxg5 31. Rxa6 Bxb4 32. axb4 Nf6 33. Rb6 Rhd8 34.
Rxb5 Rd1+ 35. Rxd1 Rxd1+ 36. Kg2 Rd2+ 37. Kg1 Rxb2 38. Rb7+ Kg8 39. b5 Rxb3 40.
b6 Kh7 41. Rb8 Nd5 42. b7 Nf6 43. Kg2 Nd7 44. Rd8 Rxb7 45. Kg1 Nf6 46. Kg2 Rb5
47. Kg1 Rxf5 0-1

[Event "XIII OGOLNOPOLSKA OLIMPIADA MLODZIEZY -"]
[Site "Turawa"]
[Date "2007.04.30"]
[Round "6.11"]
[White "Bokiej, Przemyslaw"]
[Black "Sowul, Bartosz"]
[Result "1-0"]
[WhiteElo "2016"]
[BlackElo "1966"]
[PlyCount "141"]
[EventDate "2007.??.??"]

1. e4 c5 2. Nf3 d6 3. d4 cxd4 4. Qxd4 a6 5. c4 Nf6 6. Bg5 Nc6 7. Qe3 e6 8. Nc3
Be7 9. Be2 O-O 10. O-O h6 11. Bxf6 Bxf6 12. Rfd1 Qc7 13. Rac1 Ne5 14. Nd2 b6
15. f4 Nd7 16. Nf3 Rd8 17. b4 Bb7 18. a3 Rac8 19. Kh1 Be7 20. Rg1 Bf8 21. Nd4
Nf6 22. Bd3 Re8 23. Nf3 g6 24. Nb1 Bg7 25. Rc2 Qd8 26. Nbd2 h5 27. Rgc1 Bh6 28.
Ng1 e5 29. Ne2 d5 30. cxd5 exf4 31. Qf3 Nxd5 32. exd5 Re3 33. Qf2 Rxd3 34. Ne4
Rxc2 35. Rxc2 Rd1+ 36. Ng1 Kg7 37. Rd2 Rc1 38. Qd4+ f6 39. Rd3 Rc8 40. d6 Bxe4
41. Qxe4 Qd7 42. Qd4 b5 43. h3 Rc4 44. Qb6 f3 45. Nxf3 Bf4 46. Qxa6 Rc6 47. Qa8
Bxd6 48. Rd1 Qc7 49. Qe8 Rc1 50. Qe1 Rc4 51. Nd4 Qe7 52. Qxe7+ Bxe7 53. Nxb5 f5
54. Nd4 Kf6 55. Nf3 Rc3 56. Ra1 g5 57. b5 Rxa3 58. Rxa3 Bxa3 59. b6 Bc5 60. b7
Ba7 61. Nd4 Bb8 62. Nc6 Bg3 63. b8=Q Bxb8 64. Nxb8 Ke5 65. Kg1 Kf4 66. Kf2 h4
67. Nc6 g4 68. Nd4 Ke4 69. Ne2 g3+ 70. Kf1 f4 71. Ng1 1-0

[Event "XIII OGOLNOPOLSKA OLIMPIADA MLODZIEZY -"]
[Site "Turawa"]
[Date "2007.04.30"]
[Round "6.12"]
[White "Grzesiak, Filip"]
[Black "Koziej, Maciej"]
[Result "0-1"]
[WhiteElo "1896"]
[BlackElo "1990"]
[PlyCount "74"]
[EventDate "2007.??.??"]

1. d4 f5 2. e4 fxe4 3. Nc3 Nf6 4. Bg5 Nc6 5. Bxf6 exf6 6. Nxe4 Qe7 7. Qe2 Nxd4
8. Qe3 d5 9. Qxd4 Qxe4+ 10. Qxe4+ dxe4 11. O-O-O Bc5 12. Re1 f5 13. f3 e3 14.
f4 Be6 15. Kb1 O-O-O 16. Bd3 Rhe8 17. Nf3 g6 18. Rhf1 Bd5 19. Re2 Re7 20. a3 a6
21. b4 Ba7 22. Ne5 Bd4 23. c4 Bxg2 24. Rxg2 Bxe5 25. Bxf5+ gxf5 26. fxe5 Rxe5
27. Re2 Rd4 28. c5 Kd7 29. Kc2 Ke6 30. Rf3 f4 31. Rh3 Rd7 32. Rh6+ Kf5 33. Kc3
Kg5 34. c6 Kxh6 35. cxd7 Rd5 36. Rg2 Rxd7 37. Rg4 e2 0-1

[Event "XIII OGOLNOPOLSKA OLIMPIADA MLODZIEZY -"]
[Site "Turawa"]
[Date "2007.04.30"]
[Round "6.13"]
[White "Polok, Kacper"]
[Black "Barski, Radoslaw"]
[Result "0-1"]
[WhiteElo "1878"]
[BlackElo "1987"]
[PlyCount "76"]
[EventDate "2007.??.??"]

1. e4 c5 2. Nc3 Nc6 3. Bb5 Nd4 4. Bc4 e6 5. Nge2 g6 6. Nxd4 cxd4 7. Nb5 Qb6 8.
c3 dxc3 9. dxc3 a6 10. Nd4 Bg7 11. O-O Ne7 12. Kh1 O-O 13. f4 d6 14. Bb3 Qc7
15. Be3 b6 16. Qc2 Bd7 17. Qf2 b5 18. Qh4 Rae8 19. f5 exf5 20. Bg5 Bc8 21. Bxe7
Qxe7 22. Qxe7 Rxe7 23. exf5 Bxd4 24. f6 Bxf6 25. Rxf6 Be6 26. Kg1 Kg7 27. Rf4
Rfe8 28. Kf1 f5 29. Rd4 Bxb3 30. axb3 Re2 31. Rxa6 Rxb2 32. Rdxd6 Ree2 33. Ra7+
Kh6 34. Rb7 Rf2+ 35. Kg1 Rxg2+ 36. Kf1 Rxh2 37. Kg1 Rhc2 38. Rd1 Rxb3 0-1

[Event "XIII OGOLNOPOLSKA OLIMPIADA MLODZIEZY -"]
[Site "Turawa"]
[Date "2007.04.30"]
[Round "6.14"]
[White "Jacek, Krystian"]
[Black "Swiech, Przemyslaw"]
[Result "1-0"]
[WhiteElo "1858"]
[BlackElo "1977"]
[PlyCount "65"]
[EventDate "2007.??.??"]

1. e4 c5 2. Nf3 Nc6 3. d4 cxd4 4. Nxd4 e5 5. Nb5 d6 6. N1c3 a6 7. Na3 b5 8. Nd5
Nce7 9. c4 Nxd5 10. exd5 Nf6 11. cxb5 Be7 12. Be2 O-O 13. O-O Bb7 14. bxa6 Bxa6
15. Bxa6 Rxa6 16. Nb5 Nd7 17. a4 f5 18. Qe2 Nc5 19. Qc4 f4 20. f3 Qb6 21. Kh1
Rfa8 22. b4 Nd7 23. Nc7 Rc8 24. Qxa6 Qxc7 25. Bd2 Qd8 26. Rfc1 Rb8 27. a5 g5
28. Rc6 Nf6 29. Rac1 Kf7 30. Rc8 Rxc8 31. Qxc8 Nxd5 32. Qxd8 Bxd8 33. b5 1-0

[Event "XIII OGOLNOPOLSKA OLIMPIADA MLODZIEZY -"]
[Site "Turawa"]
[Date "2007.04.30"]
[Round "6.15"]
[White "Lorek, Milosz"]
[Black "Janczarski, Michal"]
[Result "0-1"]
[WhiteElo "1852"]
[BlackElo "2081"]
[PlyCount "50"]
[EventDate "2007.??.??"]

1. e4 c5 2. Nf3 a6 3. d4 cxd4 4. Nxd4 e6 5. Bd3 Qc7 6. Qe2 Nc6 7. Nxc6 dxc6 8.
e5 Bd7 9. O-O Ne7 10. c4 c5 11. Nc3 O-O-O 12. a3 Nc6 13. f4 Nd4 14. Qf2 Bc6 15.
Be3 Be7 16. Rab1 b6 17. b4 Nf3+ 18. gxf3 Rxd3 19. Ne4 Bxe4 20. fxe4 Rhd8 21.
bxc5 Rxe3 22. cxb6 Qc5 23. b7+ Kb8 24. Kh1 Qd4 25. Rbd1 Qxd1 0-1

[Event "XIII OGOLNOPOLSKA OLIMPIADA MLODZIEZY -"]
[Site "Turawa"]
[Date "2007.04.30"]
[Round "6.16"]
[White "Kadziela, Konrad"]
[Black "Chudzik, Tomasz"]
[Result "1-0"]
[WhiteElo "1831"]
[BlackElo "1914"]
[PlyCount "85"]
[EventDate "2007.??.??"]

1. d4 Nf6 2. c4 g6 3. Nc3 Bg7 4. e4 d6 5. f4 O-O 6. Nf3 Na6 7. a3 e5 8. fxe5
dxe5 9. d5 Nc5 10. Qc2 a5 11. Be2 Nh5 12. Be3 Qe7 13. O-O Nf4 14. b4 Nd7 15. c5
b6 16. c6 Nxe2+ 17. Nxe2 Nf6 18. b5 Ng4 19. Qd3 Nxe3 20. Qxe3 f5 21. Nc3 f4 22.
Qd3 g5 23. d6 Qxd6 24. Qxd6 cxd6 25. Nxg5 h6 26. Nf3 Be6 27. Rfd1 Rfd8 28. Nd5
Bxd5 29. Rxd5 Kf7 30. Rad1 Ke6 31. Nd2 Bf6 32. Nc4 Be7 33. a4 Rdb8 34. R1d3 h5
35. Nxd6 Rd8 36. Nc4 Bc5+ 37. Kf1 Rxd5 38. exd5+ Kf6 39. d6 e4 40. Rd5 Rd8 41.
d7 Ke7 42. Re5+ Kf7 43. c7 1-0

[Event "XIII OGOLNOPOLSKA OLIMPIADA MLODZIEZY -"]
[Site "Turawa"]
[Date "2007.04.30"]
[Round "6.17"]
[White "Kaleta, Blazej"]
[Black "Zielinski, Wojciech"]
[Result "0-1"]
[WhiteElo "1899"]
[BlackElo "1886"]
[PlyCount "82"]
[EventDate "2007.??.??"]

1. d4 d5 2. c4 e5 3. cxd5 Qxd5 4. dxe5 Qxe5 5. Nc3 Bb4 6. Bd2 Nf6 7. Nf3 Qe7 8.
e3 Nc6 9. Bb5 Bd7 10. O-O O-O 11. h3 Rad8 12. Qc2 a6 13. Bc4 Ne5 14. Nxe5 Qxe5
15. Ne4 Bxd2 16. Nxd2 Bc6 17. Be2 Qa5 18. Rfd1 Rfe8 19. Bf3 Bxf3 20. Nxf3 Rxd1+
21. Qxd1 Qd5 22. Qxd5 Nxd5 23. Rd1 Nb6 24. Kf1 f6 25. b3 Kf7 26. Ke2 Re6 27.
Rd8 Re8 28. Rd4 c5 29. Rd3 Ke7 30. Nd2 Rc8 31. Rc3 Nd5 32. Rc1 b5 33. g3 Nb6
34. Kd3 a5 35. a4 bxa4 36. bxa4 Nxa4 37. Ra1 Nb6 38. Rxa5 Rd8+ 39. Kc2 Rxd2+
40. Kc3 Rxf2 41. Rb5 Nd7 0-1

[Event "XIII OGOLNOPOLSKA OLIMPIADA MLODZIEZY -"]
[Site "Turawa"]
[Date "2007.04.30"]
[Round "6.18"]
[White "Leczycki, Pawel"]
[Black "Golinski, Damian"]
[Result "0-1"]
[WhiteElo "1826"]
[BlackElo "1828"]
[PlyCount "62"]
[EventDate "2007.??.??"]

1. d4 d5 2. c4 dxc4 3. Nf3 Nf6 4. e3 e6 5. Bxc4 a6 6. a4 b6 7. Nc3 Bb7 8. Qe2
c5 9. O-O Nbd7 10. Rd1 Qc7 11. e4 cxd4 12. Nxd4 Bb4 13. f3 Bd6 14. g3 h5 15.
Ndb5 axb5 16. Nxb5 Bc5+ 17. Kg2 Qb8 18. b4 Bxb4 19. Bxe6 fxe6 20. Qc4 Bc5 21.
Qxe6+ Kf8 22. Bf4 Qe8 23. Bd6+ Bxd6 24. Qxd6+ Qe7 25. Qc7 Ne5 26. Qxb6 Nxf3 27.
Nd6 Bxe4 28. Nxe4 Qxe4 29. Rd8+ Rxd8 30. Qxd8+ Kf7 31. Qxh8 Qe2+ 0-1

[Event "XIII OGOLNOPOLSKA OLIMPIADA MLODZIEZY -"]
[Site "Turawa"]
[Date "2007.04.30"]
[Round "6.20"]
[White "Lukasiewicz, Aleksander"]
[Black "Ancuta, Adam"]
[Result "1-0"]
[WhiteElo "1816"]
[BlackElo "1817"]
[PlyCount "55"]
[EventDate "2007.??.??"]

1. e4 e5 2. Nf3 Nc6 3. d4 exd4 4. c3 dxc3 5. Nxc3 Bb4 6. Bc4 Nf6 7. O-O Bxc3 8.
bxc3 d6 9. Qc2 Bg4 10. Nd4 O-O 11. Bg5 h6 12. Bh4 Ne5 13. Bb3 Qe7 14. Rad1 a6
15. f4 Ng6 16. Bxf6 Qxf6 17. e5 dxe5 18. fxe5 Qb6 19. e6 c5 20. Rxf7 Ne7 21.
Rxe7 cxd4 22. Qg6 dxc3+ 23. Kh1 Qd4 24. Rd7 Qe5 25. Rg1 Bxe6 26. Bxe6+ Kh8 27.
Bb3 Rf2 28. Bc2 1-0

[Event "XIII OGOLNOPOLSKA OLIMPIADA MLODZIEZY -"]
[Site "Turawa"]
[Date "2007.04.30"]
[Round "6.23"]
[White "Raczynski, Milosz"]
[Black "Grabowski, Adam"]
[Result "0-1"]
[WhiteElo "1563"]
[BlackElo "1793"]
[PlyCount "56"]
[EventDate "2007.??.??"]

1. e4 c6 2. d4 d5 3. Nc3 dxe4 4. Nxe4 Nd7 5. Bc4 Ngf6 6. Ng5 e6 7. Qe2 Nb6 8.
Bd3 h6 9. N5f3 Be7 10. Be3 Nbd5 11. c3 Qc7 12. Ne5 O-O 13. Ngf3 c5 14. Bd2 b6
15. g4 Nd7 16. h4 Nxe5 17. Nxe5 cxd4 18. c4 Nb4 19. Bb1 Bb7 20. Rg1 d3 21. Nxd3
Nxd3+ 22. Qxd3 f5 23. gxf5 exf5 24. Bc3 Bf6 25. Bc2 Rad8 26. Qh3 Rfe8+ 27. Kf1
Qxc4+ 28. Bd3 Rxd3 0-1

[Event "XIII OGOLNOPOLSKA OLIMPIADA MLODZIEZY -"]
[Site "Turawa"]
[Date "2007.05.01"]
[Round "7.1"]
[White "Swiercz, Dariusz"]
[Black "Wieczorek, Oskar"]
[Result "1/2-1/2"]
[WhiteElo "2248"]
[BlackElo "2125"]
[PlyCount "95"]
[EventDate "2007.??.??"]

1. d4 Nf6 2. g3 d5 3. Bg2 Bg4 4. Nf3 Nbd7 5. c4 c6 6. Nbd2 e6 7. b3 Be7 8. Bb2
O-O 9. O-O Qb6 10. h3 Bh5 11. Re1 Rfd8 12. g4 Bg6 13. Nh4 Bb4 14. Nxg6 hxg6 15.
Rf1 Qa5 16. Nf3 Ne4 17. Qc2 Bc3 18. Rac1 Bxb2 19. Qxb2 Qb4 20. c5 Qa5 21. Rfd1
f5 22. Nd2 Ndf6 23. f3 Nxd2 24. Qxd2 Qxd2 25. Rxd2 f4 26. e3 g5 27. Re2 fxe3
28. Rxe3 Re8 29. Re5 Nh7 30. Rce1 Kf7 31. Kf2 Kf6 32. Bf1 Nf8 33. Bd3 Nd7 34.
R5e2 g6 35. Kg3 e5 36. h4 gxh4+ 37. Kxh4 Re7 38. dxe5+ Kg7 39. b4 a5 40. e6 Nf8
41. b5 Rae8 42. bxc6 bxc6 43. Rb1 Nxe6 44. Rbe1 g5+ 45. Kg3 Kf6 46. Rh2 Nf4 47.
Rh6+ Kg7 48. Rh7+ 1/2-1/2

[Event "XIII OGOLNOPOLSKA OLIMPIADA MLODZIEZY -"]
[Site "Turawa"]
[Date "2007.05.01"]
[Round "7.2"]
[White "Kanarek, Marcel"]
[Black "Strzemiecki, Zbigniew"]
[Result "1-0"]
[WhiteElo "2225"]
[BlackElo "2285"]
[PlyCount "35"]
[EventDate "2007.??.??"]

1. e4 e6 2. d4 d5 3. Nc3 Nf6 4. Bg5 Bb4 5. e5 h6 6. Be3 Ne4 7. Qg4 g5 8. h4 h5
9. hxg5 hxg4 10. Rxh8+ Bf8 11. Nxe4 dxe4 12. Ne2 Kd7 13. O-O-O Kc6 14. d5+ exd5
15. Nd4+ Kd7 16. Bb5+ Ke7 17. g6 Bh6 18. Rxd8 1-0

[Event "XIII OGOLNOPOLSKA OLIMPIADA MLODZIEZY -"]
[Site "Turawa"]
[Date "2007.05.01"]
[Round "7.3"]
[White "Wandzik, Wojciech"]
[Black "Krzyzanowski, Marcin"]
[Result "0-1"]
[WhiteElo "1945"]
[BlackElo "2229"]
[PlyCount "86"]
[EventDate "2007.??.??"]

1. e4 e5 2. Nf3 Nc6 3. Bc4 Nf6 4. d4 exd4 5. e5 d5 6. Bb5 Ne4 7. Nxd4 Bd7 8.
Bxc6 bxc6 9. O-O Bc5 10. f3 Ng5 11. Be3 Bb6 12. f4 Ne4 13. Nd2 Nxd2 14. Qxd2 c5
15. Nf3 d4 16. Bf2 Bc6 17. f5 Qd5 18. Qg5 h6 19. Qh4 Qe4 20. e6 Qxh4 21. exf7+
Kxf7 22. Bxh4 Rhe8 23. Rfe1 Bxf3 24. gxf3 Ba5 25. Rxe8 Rxe8 26. Kf2 Re5 27. a3
Rxf5 28. Bg3 c4 29. Rd1 Rb5 30. Ke2 c5 31. Rb1 Ke6 32. b3 Bd8 33. Kd2 Kf5 34.
h4 Rb6 35. Ke2 Bf6 36. b4 a6 37. Bc7 Rb7 38. Ba5 Bxh4 39. Rg1 cxb4 40. Bxb4 Bf6
41. Rh1 Rb5 42. c3 a5 43. Rh5+ Bg5 0-1

[Event "XIII OGOLNOPOLSKA OLIMPIADA MLODZIEZY -"]
[Site "Turawa"]
[Date "2007.05.01"]
[Round "7.4"]
[White "Siwiec, Arkadiusz"]
[Black "Matuszewski, Michal"]
[Result "1/2-1/2"]
[WhiteElo "2025"]
[BlackElo "2136"]
[PlyCount "131"]
[EventDate "2007.??.??"]

1. e4 c5 2. Nf3 d6 3. d4 cxd4 4. Nxd4 Nf6 5. Nc3 a6 6. Be3 Ng4 7. Bg5 h6 8. Bh4
g5 9. Bg3 Bg7 10. h3 Ne5 11. Nf5 Bxf5 12. exf5 Nbd7 13. Nd5 Nb6 14. c3 Nxd5 15.
Qxd5 Qc7 16. Be2 Rc8 17. O-O Qc6 18. Qxc6+ Nxc6 19. f4 Bf6 20. Rad1 O-O 21.
fxg5 hxg5 22. Bf2 Kg7 23. Be3 Ne5 24. Bf3 Nc4 25. Bc1 b5 26. Bb7 Rb8 27. Bd5
Nb6 28. Rf3 Na4 29. Bb3 Nc5 30. Rg3 Rh8 31. Bd5 b4 32. Bxg5 Bxg5 33. Rxg5+ Kf6
34. Rg3 bxc3 35. bxc3 Rb2 36. Rf3 Rh4 37. g4 Nd7 38. Rg3 Ne5 39. Rg2 Rb8 40.
Rg3 Kg5 41. Rd2 Rb1+ 42. Kg2 Rc1 43. Bb3 Rh8 44. Rc2 Rxc2+ 45. Bxc2 Rb8 46. Bb3
a5 47. Re3 Kf4 48. Re2 Rc8 49. c4 a4 50. Bxa4 Rxc4 51. Bb3 Rc3 52. Rf2+ Kg5 53.
f6 exf6 54. Rd2 Nd3 55. Bxf7 Nf4+ 56. Kf1 Rc1+ 57. Kf2 Nxh3+ 58. Ke3 Kxg4 59.
Rxd6 f5 60. Be6 Ng5 61. Rd4+ Kg3 62. Bxf5 Re1+ 63. Kd3 Nf3 64. Ra4 Rd1+ 65. Kc3
Kf2 66. Bc2 1/2-1/2

[Event "XIII OGOLNOPOLSKA OLIMPIADA MLODZIEZY -"]
[Site "Turawa"]
[Date "2007.05.01"]
[Round "7.5"]
[White "Obrusnik, Michal"]
[Black "Lis, Marek"]
[Result "1-0"]
[WhiteElo "1977"]
[BlackElo "1968"]
[PlyCount "33"]
[EventDate "2007.??.??"]

1. e4 c5 2. Nf3 a6 3. Nc3 e6 4. d4 cxd4 5. Nxd4 Qc7 6. Bd3 Nc6 7. Nxc6 dxc6 8.
O-O e5 9. f4 exf4 10. Bxf4 Qb6+ 11. Kh1 Be6 12. Qe2 Qxb2 13. Nd5 cxd5 14. exd5
Qf6 15. Bd6 Qh6 16. dxe6 Qxe6 17. Qxe6+ 1-0

[Event "XIII OGOLNOPOLSKA OLIMPIADA MLODZIEZY -"]
[Site "Turawa"]
[Date "2007.05.01"]
[Round "7.6"]
[White "Klepaczka, Tomasz"]
[Black "Sadzikowski, Daniel"]
[Result "1/2-1/2"]
[WhiteElo "1953"]
[BlackElo "2118"]
[PlyCount "87"]
[EventDate "2007.??.??"]

1. e4 c5 2. Nc3 e6 3. f4 d5 4. Nf3 dxe4 5. Nxe4 Qc7 6. d4 cxd4 7. Nxd4 a6 8.
Bd3 Be7 9. O-O Nf6 10. Kh1 Nbd7 11. c3 O-O 12. Qc2 b6 13. Bd2 Bb7 14. Rae1 Rfe8
15. Ng5 Nf8 16. Ngf3 Nd5 17. f5 exf5 18. Nxf5 Bf6 19. N5d4 Nf4 20. Be4 N8g6 21.
Bxf4 Nxf4 22. Bxh7+ Kh8 23. Be4 Rxe4 24. Rxe4 Bxe4 25. Qxe4 Rd8 26. Nc6 Rc8 27.
Nce5 Ne6 28. Rd1 Rd8 29. Rxd8+ Bxd8 30. h3 a5 31. Qf5 Kg8 32. Qe4 Bf6 33. Ng4
Be7 34. Nd4 Nxd4 35. Qxd4 Bc5 36. Qd2 Qe7 37. Nh2 Qe4 38. Qd8+ Kh7 39. Qd1 g6
40. Nf3 Kg7 41. Qe1 Qc2 42. b4 axb4 43. cxb4 Bf8 44. a3 1/2-1/2